<?xml version="1.0" encoding="UTF-8"?><?xml-stylesheet type="text/xsl" href="static/style.xsl"?><OAI-PMH xmlns="http://www.openarchives.org/OAI/2.0/" xmlns:xsi="http://www.w3.org/2001/XMLSchema-instance" xsi:schemaLocation="http://www.openarchives.org/OAI/2.0/ http://www.openarchives.org/OAI/2.0/OAI-PMH.xsd"><responseDate>2026-04-18T04:27:12Z</responseDate><request verb="GetRecord" identifier="oai:www.recercat.cat:2445/183420" metadataPrefix="marc">https://recercat.cat/oai/request</request><GetRecord><record><header><identifier>oai:recercat.cat:2445/183420</identifier><datestamp>2025-12-04T22:34:49Z</datestamp><setSpec>com_2072_1057</setSpec><setSpec>col_2072_478917</setSpec><setSpec>col_2072_478931</setSpec></header><metadata><record xmlns="http://www.loc.gov/MARC21/slim" xmlns:dcterms="http://purl.org/dc/terms/" xmlns:xsi="http://www.w3.org/2001/XMLSchema-instance" xmlns:doc="http://www.lyncode.com/xoai" xsi:schemaLocation="http://www.loc.gov/MARC21/slim http://www.loc.gov/standards/marcxml/schema/MARC21slim.xsd">
   <leader>00925njm 22002777a 4500</leader>
   <datafield ind2=" " ind1=" " tag="042">
      <subfield code="a">dc</subfield>
   </datafield>
   <datafield ind2=" " ind1=" " tag="720">
      <subfield code="a">Calvo, Manuel G.</subfield>
      <subfield code="e">author</subfield>
   </datafield>
   <datafield ind2=" " ind1=" " tag="720">
      <subfield code="a">Fernández-Martín, Andrés</subfield>
      <subfield code="e">author</subfield>
   </datafield>
   <datafield ind2=" " ind1=" " tag="720">
      <subfield code="a">Recio, Guillermo</subfield>
      <subfield code="e">author</subfield>
   </datafield>
   <datafield ind2=" " ind1=" " tag="720">
      <subfield code="a">Lundqvist, Daniel</subfield>
      <subfield code="e">author</subfield>
   </datafield>
   <datafield ind2=" " ind1=" " tag="260">
      <subfield code="c">2022-02-22T13:46:32Z</subfield>
   </datafield>
   <datafield ind2=" " ind1=" " tag="260">
      <subfield code="c">2022-02-22T13:46:32Z</subfield>
   </datafield>
   <datafield ind2=" " ind1=" " tag="260">
      <subfield code="c">2018-10-26</subfield>
   </datafield>
   <datafield ind2=" " ind1=" " tag="260">
      <subfield code="c">2022-02-22T13:46:32Z</subfield>
   </datafield>
   <datafield ind2=" " ind1=" " tag="520">
      <subfield code="a">Most experimental studies of facial expression processing have used static stimuli (photographs), yet facial expressions in daily life are generally dynamic. In its original photographic format, the Karolinska Directed Emotional Faces (KDEF) has been frequently utilized. In the current study, we validate a dynamic version of this database, the KDEF-dyn. To this end, we applied animation between neutral and emotional expressions (happy, sad, angry, fearful, disgusted, and surprised; 1,033-ms unfolding) to 40 KDEF models, with morphing software. Ninety-six human observers categorized the expressions of the resulting 240 video-clip stimuli, and automated face analysis assessed the evidence for 6 expressions and 20 facial action units (AUs) at 31 intensities. Low-level image properties (luminance, signal-to-noise ratio, etc.) and other purely perceptual factors (e.g., size, unfolding speed) were controlled. Human recognition performance (accuracy, efficiency, and confusions) patterns were consistent with prior research using static and other dynamic expressions. Automated assessment of expressions and AUs was sensitive to intensity manipulations. Significant correlations emerged between human observers' categorization and automated classification. The KDEF-dyn database aims to provide a balance between experimental control and ecological validity for research on emotional facial expression processing. The stimuli and the validation data are available to the scientific community.</subfield>
   </datafield>
   <datafield tag="653" ind2=" " ind1=" ">
      <subfield code="a">Expressió facial</subfield>
   </datafield>
   <datafield tag="653" ind2=" " ind1=" ">
      <subfield code="a">Reconeixement facial (Informàtica)</subfield>
   </datafield>
   <datafield tag="653" ind2=" " ind1=" ">
      <subfield code="a">Facial expression</subfield>
   </datafield>
   <datafield tag="653" ind2=" " ind1=" ">
      <subfield code="a">Human face recognition (Computer science)</subfield>
   </datafield>
   <datafield ind2="0" ind1="0" tag="245">
      <subfield code="a">Human observers and automated assessment of dynamic emotional facial expressions: KDEF-dyn database validation</subfield>
   </datafield>
</record></metadata></record></GetRecord></OAI-PMH>